|
|
|
|
| LEADER |
00980nam a2200253 a 4500 |
| 001 |
52232635 |
| 008 |
090727s2002 enk b 000 j eng d |
| 020 |
|
|
|a 1840224258
|
| 040 |
|
|
|a UKM
|c UKM
|d OCLCQ
|
| 082 |
|
|
|2 22
|a 823/.0872908
|
| 999 |
|
|
|c 3044
|d 3044
|
| 999 |
|
|
|c 3044
|
| 245 |
1 |
0 |
|a Gothic short stories /
|c selected with an introduction and notes by David Blair
|
| 260 |
|
|
|a Ware :
|b Wordsworth Editions,
|c 2002
|
| 300 |
|
|
|a xxviii, 244 p. ;
|c 20 cm
|
| 541 |
1 |
|
|e 00015875
|
| 650 |
0 |
|
|a Horror tales, English
|9 1433
|
| 650 |
0 |
|
|a Horror tales, American
|9 1434
|
| 650 |
0 |
|
|a English fiction
|y 19th century
|9 1435
|
| 650 |
0 |
|
|a American fiction|y19th century
|9 1436
|
| 700 |
1 |
|
|a Blair, David,
|d 1950-
|9 1437
|
| 852 |
4 |
|
|a Ayesha Abed Library
|j General Shelf.
|
| 942 |
|
|
|2 ddc
|c BK
|
| 952 |
|
|
|0 0
|1 4
|2 ddc
|4 0
|6 823_087290800000000_GOT
|7 0
|9 2757
|a BRACUL
|b BRACUL
|c GEN
|d 2009-08-30
|g 152.00
|l 0
|o 823.0872908 GOT
|p 3010015875
|r 2009-08-30
|t 1
|v 304.00
|w 2009-08-30
|y BK
|x Koha Inventory 2020
|